Random Disney Character Test - Statistics

General Stats
  • This quiz has been taken 109 times
  • The average score is 11 of 15
Answer Stats
Hint Movie Answer % Correct
A popular character from Frozen Frozen Elsa
93%
The flying elephant _____ Dumbo
90%
The most Famous Disney Character Random Mickey Mouse
90%
A Girl mouse who his friend Random Minnie Mouse
89%
A robot who is alone and with EVE _____ WALL-E
88%
One with fire on his head Inside Out Anger
87%
An Emotion Who is yellow and Always Happy Inside out Joy
87%
Famous Pixar Character Toy Story Woody
87%
"I am your Father" Star Wars Darth Vader
84%
His nose grow every time he lies _________ Pinocchio
84%
Your Personal Healthcare Companion Big Hero 6 Baymax
72%
A bunny from Zootopia Zootopia Judy Hopps
65%
A Droid which is sphere looking Star wars VII BB-8
49%
A female character from The force awakens Star Wars VII Rey
39%
Famous Star Wars Character Star wars IV-VII Han Solo
34%
No matching quizzes found
Score Distribution
Percent of People with Each Score
Percentile by Number Answered
Your Score History
You have not taken this quiz